000 00683nam a2200217Ia 4500
001 6674
003 GE_BSU
008 181216s||||||||xx |||||||||||||| ||und||
040 _cGE_BSU
080 _a821.353.1-32
100 _aგელაშვილი,გიორგი
245 _aმარტოხელა მეზობელი
245 _bმოთხრობები
245 _cრედ. მ.წიკლაური
260 _aთბილისი
260 _bსაბჭოთა საქართველო
260 _c1972
300 _a250გვ.20გვ.
653 _aმარტოხელა მეზობელი
942 _cBK
999 _c40068
_d40068